000 00275nam a2200109Ia 4500
008 190216s9999||||xx |||||||||||||| ||und||
100 _aDeckwick Hall &louis
245 0 _aUnified Algebra &trignometry
260 _bJohn Wiley & Sons
650 _aMathematics
942 _cBK
999 _c30401
_d30401